Derecho de sucesiones, común y foral / (Registro nro. 160638)

Detalles MARC
000 -LEADER
fixed length control field 01178nam a2200337 i 4500
008 - FIXED-LENGTH DATA ELEMENTS--GENERAL INFORMATION
fixed length control field 090417s2009 sp || 000 0 spa d
020 ## - INTERNATIONAL STANDARD BOOK NUMBER
International Standard Book Number 9788498494242 (O.C.)
020 ## - INTERNATIONAL STANDARD BOOK NUMBER
International Standard Book Number 9788498494259 (T.I)
020 ## - INTERNATIONAL STANDARD BOOK NUMBER
International Standard Book Number 9788498494266 (T.II)
020 ## - INTERNATIONAL STANDARD BOOK NUMBER
International Standard Book Number 9788498494273 (T.III)
035 ## -
-- 5601 (T.I)
035 ## -
-- 5602 (T.II)
035 ## -
-- 5603 (T.III)
040 ## - CATALOGING SOURCE
Original cataloging agency BUS
Modifying agency vLex
080 ## -
-- 347.65/.68(460)
090 ## -
-- 2206
-- 2206
100 1# - MAIN ENTRY--PERSONAL NAME
Personal name Rivas Martínez, Juan José
245 10 - TITLE STATEMENT
Title Derecho de sucesiones, común y foral /
Statement of responsibility, etc Juan José Rivas Martínez.
Medium [Recurso electrónico]
250 ## -
-- 4ª ed.
256 ## -
-- Servicio en línea.
260 ## - PUBLICATION, DISTRIBUTION, ETC. (IMPRINT)
Place of publication, distribution, etc Madrid :
Name of publisher, distributor, etc Dykinson,
Date of publication, distribution, etc 2009.
300 ## - PHYSICAL DESCRIPTION
Extent 3 v. ;
Dimensions 25 cm.
650 07 - SUBJECT ADDED ENTRY--TOPICAL TERM
Topical term or geographic name as entry element Derecho foral
Source of heading or term Tesauro vLex
650 07 - SUBJECT ADDED ENTRY--TOPICAL TERM
Source of heading or term Tesauro vLex
Topical term or geographic name as entry element Derecho sucesorio
740 0# -
-- vLex Libros (Servicio en línea)
856 40 - LOCALIZACIÓN Y ACCESO ELECTRÓNICO
Identificador Uniforme del Recurso (URI/URL) https://app.vlex.com/#/sources/derecho-sucesiones-comun-foral-tomo-i-5601
856 40 - LOCALIZACIÓN Y ACCESO ELECTRÓNICO
Identificador Uniforme del Recurso (URI/URL) https://app.vlex.com/#/sources/derecho-sucesiones-comun-foral-tomo-ii-5602
856 40 - LOCALIZACIÓN Y ACCESO ELECTRÓNICO
Identificador Uniforme del Recurso (URI/URL) https://app.vlex.com/#/sources/derecho-sucesiones-comun-foral-tomo-iii-5603
942 ## -
-- RAA
999 ## -
-- 160638
-- 160638

No hay ítems disponibles.


CONTACTO


NOSOTROS


SITIOS DE INTERES

coordinacion.biblioteca.biblioteca@unienlinea.mx Misión, Visión y Objetivos Bases de datos
Directorio Bibliotecas Digitales y Repositorios
Normatividad Revistas y artículos
Convenios interbibliotecarios
Boletines



Hecho en México. Universidad Insurgentes (UIN). Todos los derechos reservados 2024. Esta página y sus contenidos pueden ser reproducidos con fines no lucrativos, siempre y cuando no se mutile, se cite la fuente completa y su dirección electrónicas. De otra forma requiere permiso previo por escrito de la institución




2024 Copyright Universidad Insurgentes | www.bibliouin.com.mx